[Event "2022 Welsh Championship"]
[Site "Cardiff"]
[Date "2022.04.15"]
[Round "1"]
[Board "6"]
[White "Brown, Thomas"]
[Black "Rathbone-Jones, Ifan"]
[Result "0-1"]
[WhiteElo "2173"]
[BlackElo "1915"]
[PlyCount "0"]
[EventDate "2022.04.15"]
[EventRounds "7"]
[EventCountry "WLS"]

1. d4 {[%clk 01:30:57]} {[%emt 00:00:02]} e6 {[%clk 01:30:54]} {[%emt
00:00:07]} 2. Nf3 {[%clk 01:31:19]} {[%emt 00:00:08]} b6 {[%clk 01:31:18]}
{[%emt 00:00:07]} 3. e4 {[%clk 01:28:42]} {[%emt 00:03:06]} Bb7 {[%clk
01:31:40]} {[%emt 00:00:08]} 4. Bd3 {[%clk 01:28:59]} {[%emt 00:00:12]} c5
{[%clk 01:31:33]} {[%emt 00:00:38]} 5. O-O {[%clk 01:26:50]} {[%emt 00:02:39]}
Nf6 {[%clk 01:24:13]} {[%emt 00:07:50]} 6. e5 {[%clk 01:17:30]} {[%emt
00:09:50]} Nd5 {[%clk 01:21:25]} {[%emt 00:03:18]} 7. c3 {[%clk 01:14:20]}
{[%emt 00:03:40]} Be7 {[%clk 01:19:23]} {[%emt 00:02:32]} 8. a3 {[%clk
01:12:47]} {[%emt 00:02:03]} cxd4 {[%clk 01:13:47]} {[%emt 00:06:06]} 9. c4
{[%clk 01:11:15]} {[%emt 00:02:02]} Nc7 {[%clk 01:13:55]} {[%emt 00:00:22]} 10.
Nxd4 {[%clk 01:11:20]} {[%emt 00:00:25]} f5 {[%clk 01:03:34]} {[%emt 00:10:51]}
11. Qh5+ {[%clk 01:01:41]} {[%emt 00:10:09]} g6 {[%clk 01:03:33]} {[%emt
00:00:32]} 12. Qe2 {[%clk 01:00:48]} {[%emt 00:01:22]} h5 {[%clk 01:02:45]}
{[%emt 00:01:18]} 13. Nc3 {[%clk 00:59:30]} {[%emt 00:01:47]} Nc6 {[%clk
00:55:24]} {[%emt 00:07:52]} 14. Ndb5 {[%clk 00:50:19]} {[%emt 00:09:41]} Nxb5
{[%clk 00:55:44]} {[%emt 00:00:11]} 15. cxb5 {[%clk 00:49:54]} {[%emt
00:00:54]} Nd4 {[%clk 00:47:48]} {[%emt 00:08:25]} 16. Qd1 {[%clk 00:50:16]}
{[%emt 00:00:08]} d6 {[%clk 00:48:07]} {[%emt 00:00:12]} 17. Bf4 {[%clk
00:48:13]} {[%emt 00:02:32]} Bg5 {[%clk 00:46:02]} {[%emt 00:02:36]} 18. Qd2
{[%clk 00:40:56]} {[%emt 00:07:47]} Nb3 {[%clk 00:43:10]} {[%emt 00:03:22]} 19.
Bxg5 {[%clk 00:40:42]} {[%emt 00:00:43]} Nxd2 {[%clk 00:43:34]} {[%emt
00:00:07]} 20. Bxd8 {[%clk 00:40:21]} {[%emt 00:00:51]} Rxd8 {[%clk 00:42:54]}
{[%emt 00:01:10]} 21. Rfe1 {[%clk 00:30:32]} {[%emt 00:10:19]} dxe5 {[%clk
00:40:22]} {[%emt 00:03:02]} 22. Bc2 {[%clk 00:30:46]} {[%emt 00:00:15]} e4
{[%clk 00:39:45]} {[%emt 00:01:07]} 23. f3 {[%clk 00:31:08]} {[%emt 00:00:07]}
exf3 {[%clk 00:37:40]} {[%emt 00:02:36]} 24. Rxe6+ {[%clk 00:31:24]} {[%emt
00:00:14]} Kf7 {[%clk 00:38:04]} {[%emt 00:00:06]} 25. Rae1 {[%clk 00:31:28]}
{[%emt 00:00:26]} f2+ {[%clk 00:38:19]} {[%emt 00:00:15]} 26. Kxf2 {[%clk
00:31:36]} {[%emt 00:00:22]} Ne4+ {[%clk 00:38:45]} {[%emt 00:00:04]} 27. Nxe4
{[%clk 00:29:57]} {[%emt 00:02:09]} Kxe6 {[%clk 00:31:47]} {[%emt 00:07:29]} 28.
Nc5+ {[%clk 00:29:12]} {[%emt 00:01:15]} Kf6 {[%clk 00:32:16]} 29. Re6+ {[%clk
00:24:37]} {[%emt 00:05:06]} Kf7 {[%clk 00:31:55]} {[%emt 00:00:51]} 30. Nxb7
{[%clk 00:22:11]} {[%emt 00:02:56]} Kxe6 {[%clk 00:32:17]} {[%emt 00:00:09]}
 0-1

[Event "2022 Welsh Championship"]
[Site "Cardiff"]
[Date "2022.04.15"]
[Round "1"]
[Board "7"]
[White "Turner, Joseph David"]
[Black "Kett, Tim"]
[Result "0-1"]
[WhiteElo "1888"]
[BlackElo "2168"]
[PlyCount "0"]
[EventDate "2022.04.15"]
[EventRounds "7"]
[EventCountry "WLS"]

1. e4 {[%clk 01:30:59]} e5 {[%clk 01:30:45]} {[%emt 00:00:14]} 2. f4 {[%clk
01:31:25]} {[%emt 00:00:04]} exf4 {[%clk 01:31:09]} {[%emt 00:00:06]} 3. Bc4
{[%clk 01:31:42]} {[%emt 00:00:13]} Nf6 {[%clk 01:31:31]} {[%emt 00:00:07]} 4.
Nc3 {[%clk 01:28:29]} {[%emt 00:03:44]} Bb4 {[%clk 01:31:09]} {[%emt 00:00:52]}
5. e5 {[%clk 01:05:36]} {[%emt 00:23:24]} d5 {[%emt 00:02:21]} 6. Bd3 {[%clk
00:59:43]} {[%emt 00:06:19]} Ng4 {[%clk 01:22:40]} {[%emt 00:07:09]} 7. Nf3
{[%clk 00:53:32]} {[%emt 00:06:43]} Nc6 {[%clk 01:10:28]} {[%emt 00:12:41]} 8.
Bb5 {[%clk 00:49:22]} {[%emt 00:04:41]} d4 {[%clk 01:02:57]} {[%emt 00:08:00]}
9. Ne2 {[%clk 00:36:26]} {[%emt 00:13:27]} Ne3 {[%clk 01:02:33]} {[%emt
00:00:53]} 10. c3 {[%clk 00:34:57]} {[%emt 00:02:00]} Nxd1 {[%clk 01:02:54]}
{[%emt 00:00:09]} 11. cxb4 {[%clk 00:35:17]} {[%emt 00:00:10]} O-O {[%clk
01:01:39]} {[%emt 00:01:44]} 12. Bxc6 {[%clk 00:33:05]} {[%emt 00:02:43]} bxc6
{[%clk 01:02:00]} {[%emt 00:00:08]} 13. Kxd1 {[%clk 00:28:34]} {[%emt
00:05:02]} d3 {[%clk 00:59:07]} {[%emt 00:03:23]} 14. Nxf4 {[%clk 00:28:11]}
{[%emt 00:00:54]} Bg4 {[%clk 00:59:21]} {[%emt 00:00:15]} 15. Re1 {[%clk
00:19:28]} {[%emt 00:09:14]} Qd4 {[%clk 00:57:53]} {[%emt 00:01:57]} 16. Nh3
{[%clk 00:18:03]} {[%emt 00:01:55]} Rae8 {[%clk 00:54:52]} {[%emt 00:03:29]} 17.
Re3 {[%clk 00:16:02]} {[%emt 00:02:33]} Bxf3+ {[%clk 00:51:45]} {[%emt
00:03:37]} 18. gxf3 {[%clk 00:15:19]} {[%emt 00:01:13]} Rxe5 {[%clk 00:51:43]}
{[%emt 00:00:32]} 19. f4 {[%clk 00:15:21]} {[%emt 00:00:29]} Rxe3 {[%clk
00:44:57]} {[%emt 00:07:14]} 20. dxe3 {[%clk 00:15:21]} {[%emt 00:00:30]} Qe4
{[%clk 00:44:49]} {[%emt 00:00:38]} 21. Ng5 {[%clk 00:13:22]} {[%emt 00:02:29]}
Qg2 {[%clk 00:44:36]} {[%emt 00:00:43]} 22. Bd2 {[%clk 00:13:03]} {[%emt
00:00:50]} Qf1+ {[%clk 00:44:58]} {[%emt 00:00:08]}  0-1

[Event "2022 Welsh Championship"]
[Site "Cardiff"]
[Date "2022.04.15"]
[Round "1"]
[Board "8"]
[White "Zeidler, Sven P."]
[Black "Evans, Nicholas Thomas"]
[Result "1/2-1/2"]
[WhiteElo "2157"]
[BlackElo "1882"]
[PlyCount "0"]
[EventDate "2022.04.15"]
[EventRounds "7"]
[EventCountry "WLS"]

1. e4 {[%clk 01:30:58]} {[%emt 00:00:01]} e5 {[%clk 01:30:40]} {[%emt
00:00:21]} 2. Nf3 {[%clk 01:31:23]} {[%emt 00:00:05]} Nc6 {[%clk 01:30:58]}
{[%emt 00:00:12]} 3. c3 {[%clk 01:31:47]} {[%emt 00:00:05]} Nf6 {[%clk
01:30:42]} {[%emt 00:00:46]} 4. d4 {[%clk 01:32:13]} {[%emt 00:00:05]} exd4
{[%clk 01:27:43]} {[%emt 00:03:29]} 5. e5 {[%clk 01:32:36]} {[%emt 00:00:06]}
Nd5 {[%clk 01:18:40]} {[%emt 00:09:33]} 6. Qb3 {[%clk 01:32:37]} {[%emt
00:00:29]} Nb6 {[%clk 01:17:57]} {[%emt 00:01:14]} 7. cxd4 {[%clk 01:33:00]}
{[%emt 00:00:07]} d5 {[%clk 01:16:16]} {[%emt 00:02:11]} 8. a3 {[%clk
01:32:46]} {[%emt 00:00:44]} a6 {[%clk 01:07:23]} {[%emt 00:09:23]} 9. Bd3
{[%clk 01:29:48]} {[%emt 00:03:27]} Be7 {[%clk 01:06:11]} {[%emt 00:01:43]} 10.
Be3 {[%clk 01:27:30]} {[%emt 00:02:48]} Bg4 {[%clk 01:02:00]} {[%emt 00:04:42]}
11. Nbd2 {[%clk 01:26:15]} {[%emt 00:01:44]} Qd7 {[%clk 00:56:18]} {[%emt
00:06:12]} 12. Qc2 {[%clk 01:24:53]} {[%emt 00:01:53]} Nd8 {[%clk 00:51:57]}
{[%emt 00:04:50]} 13. O-O {[%clk 01:12:27]} {[%emt 00:12:55]} Bh5 {[%clk
00:49:17]} {[%emt 00:03:11]} 14. Ng5 {[%clk 00:58:42]} {[%emt 00:14:15]} Bg6
{[%clk 00:44:09]} {[%emt 00:05:38]} 15. Rae1 {[%clk 00:40:36]} {[%emt
00:18:36]} Bxd3 {[%clk 00:34:37]} {[%emt 00:10:03]} 16. Qxd3 {[%clk 00:40:54]}
{[%emt 00:00:12]} Bxg5 {[%clk 00:28:28]} {[%emt 00:06:39]} 17. Bxg5 {[%clk
00:41:05]} {[%emt 00:00:19]} Ne6 {[%clk 00:28:54]} {[%emt 00:00:03]} 18. Be3
{[%clk 00:37:53]} {[%emt 00:03:42]} O-O {[%clk 00:29:01]} {[%emt 00:00:23]} 19.
f4 {[%clk 00:35:16]} {[%emt 00:03:08]} f5 {[%clk 00:27:31]} {[%emt 00:02:00]}
20. exf6 {[%clk 00:26:59]} {[%emt 00:08:47]} gxf6 {[%clk 00:25:45]} {[%emt
00:02:16]} 21. f5 {[%clk 00:25:19]} {[%emt 00:02:10]} Ng7 {[%clk 00:25:45]}
{[%emt 00:00:30]} 22. Bh6 {[%clk 00:23:52]} {[%emt 00:01:58]} Rae8 {[%clk
00:24:35]} {[%emt 00:01:40]} 23. Qg3 {[%clk 00:21:56]} {[%emt 00:02:26]} Kh8
{[%clk 00:22:45]} {[%emt 00:02:19]} 24. Nb3 {[%clk 00:21:11]} {[%emt 00:01:15]}
Na4 {[%clk 00:14:08]} {[%emt 00:09:08]} 25. Nc5 {[%clk 00:11:05]} {[%emt
00:10:37]} Nxc5 {[%clk 00:14:33]} {[%emt 00:00:05]} 26. dxc5 {[%clk 00:11:33]}
{[%emt 00:00:02]} Rg8 {[%clk 00:11:49]} {[%emt 00:03:13]} 27. Bxg7+ {[%clk
00:08:44]} {[%emt 00:03:20]} Qxg7 {[%clk 00:09:02]} {[%emt 00:03:17]} 28. Qxg7+
{[%clk 00:08:34]} {[%emt 00:00:39]} Kxg7 {[%clk 00:09:24]} {[%emt 00:00:09]} 29.
c6 {[%clk 00:08:55]} {[%emt 00:00:09]} bxc6 {[%clk 00:07:18]} {[%emt 00:02:36]}
30. Rc1 {[%clk 00:06:54]} {[%emt 00:03:01]} Re2 {[%clk 00:07:08]} {[%emt
00:01:10]} 31. Rxc6 {[%clk 00:04:43]} {[%emt 00:02:41]} Rxb2 {[%clk 00:06:06]}
{[%emt 00:01:32]} 32. Rf3 {[%clk 00:03:38]} {[%emt 00:01:35]} Re8 {[%clk
00:04:03]} {[%emt 00:02:33]} 33. Rg3+ {[%clk 00:02:56]} {[%emt 00:01:11]} Kf7
{[%clk 00:03:21]} {[%emt 00:01:13]} 34. Rxc7+ {[%clk 00:02:55]} {[%emt
00:00:31]} Re7 {[%clk 00:02:39]} {[%emt 00:01:12]} 35. Rg7+ {[%clk 00:02:40]}
{[%emt 00:00:45]} Kxg7 {[%clk 00:03:04]} {[%emt 00:00:05]} 36. Rxe7+ {[%clk
00:03:07]} {[%emt 00:00:03]} Kh6 {[%clk 00:03:10]} {[%emt 00:00:25]} 37. Rd7
{[%clk 00:02:07]} {[%emt 00:01:30]} Ra2 {[%clk 00:01:42]} {[%emt 00:01:58]} 38.
Rxd5 {[%clk 00:01:53]} {[%emt 00:00:44]} Rxa3 {[%clk 00:02:06]} {[%emt
00:00:06]} 39. h4 {[%clk 00:02:05]} {[%emt 00:00:18]} Ra4 {[%clk 00:01:06]}
{[%emt 00:01:30]} 40. Rd6 {[%clk 00:01:20]} {[%emt 00:01:15]} Rxh4 {[%clk
00:01:13]} {[%emt 00:00:23]} 41. Rxf6+ {[%clk 00:00:35]} {[%emt 00:01:15]} Kg5
{[%clk 00:01:14]} {[%emt 00:00:28]} 42. Rxa6 {[%clk 00:01:00]} {[%emt
00:00:06]}  1/2-1/2

[Event "2022 Welsh Championship"]
[Site "Cardiff"]
[Date "2022.04.15"]
[Round "2"]
[Board "1"]
[White "Camacho Collados, Jose"]
[Black "Kett, Tim"]
[Result "1-0"]
[WhiteElo "2414"]
[BlackElo "2168"]
[PlyCount "0"]
[EventDate "2022.04.15"]
[EventRounds "7"]
[EventCountry "WLS"]

1. Nf3 {[%clk 01:30:57]} {[%emt 00:00:02]} Nf6 {[%clk 01:30:35]} {[%emt
00:00:25]} 2. g3 {[%clk 01:31:22]} {[%emt 00:00:06]} g6 {[%clk 01:30:54]}
{[%emt 00:00:10]} 3. b3 {[%clk 01:31:49]} {[%emt 00:00:04]} Bg7 {[%clk
01:31:18]} {[%emt 00:00:05]} 4. Bb2 {[%clk 01:32:16]} {[%emt 00:00:04]} O-O
{[%clk 01:31:40]} {[%emt 00:00:07]} 5. Bg2 {[%clk 01:32:39]} {[%emt 00:00:07]}
d6 {[%clk 01:31:18]} {[%emt 00:00:52]} 6. d4 {[%clk 01:33:06]} {[%emt
00:00:04]} Nbd7 {[%clk 01:31:38]} {[%emt 00:00:10]} 7. O-O {[%clk 01:33:16]}
{[%emt 00:00:21]} e5 {[%clk 01:31:51]} {[%emt 00:00:17]} 8. dxe5 {[%clk
01:32:26]} {[%emt 00:01:20]} Ng4 {[%clk 01:32:14]} {[%emt 00:00:07]} 9. Qd2
{[%clk 01:32:21]} {[%emt 00:00:36]} Ngxe5 {[%clk 01:23:48]} {[%emt 00:08:55]}
10. Nxe5 {[%clk 01:32:35]} {[%emt 00:00:16]} dxe5 {[%clk 01:22:20]} {[%emt
00:01:58]} 11. Rd1 {[%clk 01:32:01]} {[%emt 00:01:05]} c6 {[%clk 01:16:44]}
{[%emt 00:06:05]} 12. a4 {[%clk 01:31:12]} {[%emt 00:01:20]} f5 {[%clk
01:07:36]} {[%emt 00:09:38]} 13. Na3 {[%clk 01:29:58]} {[%emt 00:01:44]} e4
{[%clk 00:59:53]} {[%emt 00:08:13]} 14. Bxg7 {[%clk 01:30:16]} {[%emt
00:00:12]} Kxg7 {[%clk 01:00:18]} {[%emt 00:00:04]} 15. Nc4 {[%clk 01:29:27]}
{[%emt 00:01:19]} Qf6 {[%clk 00:58:32]} {[%emt 00:02:15]} 16. Qf4 {[%clk
01:17:20]} {[%emt 00:12:38]} Nc5 {[%clk 00:58:08]} {[%emt 00:00:54]} 17. Qc7+
{[%clk 01:16:39]} {[%emt 00:01:12]} Rf7 {[%clk 00:51:09]} {[%emt 00:07:28]} 18.
Qd6 {[%clk 01:04:41]} {[%emt 00:12:28]} Qxd6 {[%clk 00:44:21]} {[%emt
00:07:17]} 19. Nxd6 {[%clk 01:05:05]} {[%emt 00:00:07]} Re7 {[%clk 00:43:53]}
{[%emt 00:00:57]} 20. b4 {[%clk 01:02:21]} {[%emt 00:03:16]} Na6 {[%clk
00:41:28]} {[%emt 00:02:54]} 21. Rab1 {[%clk 00:56:31]} {[%emt 00:06:20]} Be6
{[%clk 00:40:12]} {[%emt 00:01:45]} 22. f3 {[%clk 00:56:35]} {[%emt 00:00:28]}
exf3 {[%clk 00:34:55]} {[%emt 00:05:46]} 23. Bxf3 {[%clk 00:56:50]} {[%emt
00:00:15]} Rd7 {[%clk 00:22:21]} {[%emt 00:13:04]} 24. Nxb7 {[%clk 00:48:01]}
{[%emt 00:09:20]} Rxb7 {[%clk 00:22:32]} {[%emt 00:00:18]} 25. Bxc6 {[%clk
00:48:27]} {[%emt 00:00:04]} Rab8 {[%clk 00:21:22]} {[%emt 00:01:40]} 26. Bxb7
{[%clk 00:48:50]} {[%emt 00:00:08]} Rxb7 {[%clk 00:21:46]} {[%emt 00:00:06]} 27.
Rd6 {[%clk 00:45:52]} {[%emt 00:03:28]} Nc7 {[%clk 00:18:41]} {[%emt 00:03:35]}
28. b5 {[%clk 00:42:35]} {[%emt 00:03:47]} Kf6 {[%clk 00:18:24]} {[%emt
00:00:46]} 29. Rbd1 {[%clk 00:35:09]} {[%emt 00:07:56]} Ke5 {[%clk 00:17:24]}
{[%emt 00:01:31]} 30. c4 {[%clk 00:35:00]} {[%emt 00:00:40]} Bxc4 {[%clk
00:07:46]} {[%emt 00:10:07]} 31. Rd7 {[%clk 00:34:09]} {[%emt 00:01:21]} Be6
{[%clk 00:06:59]} {[%emt 00:01:16]} 32. Rxh7 {[%clk 00:34:00]} {[%emt
00:00:40]} Bd5 {[%clk 00:04:09]} {[%emt 00:03:20]} 33. Kf2 {[%clk 00:31:33]}
{[%emt 00:02:57]} Ke6 {[%clk 00:03:13]} {[%emt 00:01:26]} 34. Rd3 {[%clk
00:22:57]} {[%emt 00:09:06]} Ne8 {[%clk 00:03:17]} {[%emt 00:00:25]} 35. Re3+
{[%clk 00:22:48]} {[%emt 00:00:40]}  1-0

[Event "2022 Welsh Championship"]
[Site "Cardiff"]
[Date "2022.04.15"]
[Round "2"]
[Board "2"]
[White "Bullen, Alex"]
[Black "Kozusek, Daniel"]
[Result "1-0"]
[WhiteElo "2079"]
[BlackElo "2315"]
[PlyCount "0"]
[EventDate "2022.04.15"]
[EventRounds "7"]
[EventCountry "WLS"]

1. d4 {[%clk 01:30:57]} {[%emt 00:00:02]} d5 {[%clk 01:30:18]} {[%emt
00:00:43]} 2. Nf3 {[%clk 01:31:20]} {[%emt 00:00:06]} e6 {[%clk 01:30:19]}
{[%emt 00:00:29]} 3. c4 {[%clk 01:31:27]} {[%emt 00:00:24]} Nf6 {[%clk
01:30:45]} {[%emt 00:00:05]} 4. e3 {[%clk 01:31:36]} {[%emt 00:00:21]} b6
{[%clk 01:30:43]} {[%emt 00:00:33]} 5. b3 {[%clk 01:31:00]} {[%emt 00:01:06]}
Bb4+ {[%clk 01:30:41]} {[%emt 00:00:32]} 6. Nbd2 {[%clk 01:30:45]} {[%emt
00:00:43]} O-O {[%clk 01:27:55]} {[%emt 00:03:17]} 7. Bd3 {[%clk 01:30:33]}
{[%emt 00:00:42]} Bb7 {[%clk 01:26:40]} {[%emt 00:01:45]} 8. O-O {[%clk
01:30:21]} {[%emt 00:00:40]} Nbd7 {[%clk 01:26:27]} {[%emt 00:00:45]} 9. Bb2
{[%clk 01:28:46]} {[%emt 00:02:05]} Ne4 {[%clk 01:25:34]} {[%emt 00:01:23]} 10.
a3 {[%clk 01:23:45]} {[%emt 00:05:31]} Bd6 {[%clk 01:24:35]} {[%emt 00:01:29]}
11. b4 {[%clk 01:11:32]} {[%emt 00:12:44]} f5 {[%clk 01:20:54]} {[%emt
00:04:10]} 12. c5 {[%clk 01:05:57]} {[%emt 00:06:06]} Be7 {[%clk 01:20:02]}
{[%emt 00:01:22]} 13. Nb3 {[%clk 01:03:54]} {[%emt 00:02:33]} Bf6 {[%clk
01:13:09]} {[%emt 00:07:22]} 14. Rc1 {[%clk 01:01:12]} {[%emt 00:03:12]} c6
{[%clk 01:12:05]} {[%emt 00:01:34]} 15. Ne5 {[%clk 00:58:33]} {[%emt 00:03:09]}
Bxe5 {[%clk 01:10:15]} {[%emt 00:02:21]} 16. dxe5 {[%clk 00:58:55]} {[%emt
00:00:08]} bxc5 {[%clk 01:09:40]} {[%emt 00:01:05]} 17. bxc5 {[%clk 00:57:20]}
{[%emt 00:02:05]} Qc7 {[%clk 01:04:29]} {[%emt 00:05:41]} 18. f3 {[%clk
00:55:20]} {[%emt 00:02:31]} Ng5 {[%clk 01:04:47]} {[%emt 00:00:12]} 19. f4
{[%clk 00:55:31]} {[%emt 00:00:19]} Ne4 {[%clk 01:04:44]} {[%emt 00:00:33]} 20.
Bxe4 {[%clk 00:55:42]} {[%emt 00:00:19]} fxe4 {[%clk 01:04:07]} {[%emt
00:01:07]} 21. Nd4 {[%clk 00:54:05]} {[%emt 00:02:07]} Rfe8 {[%clk 01:02:06]}
{[%emt 00:02:31]} 22. Qg4 {[%clk 00:53:11]} {[%emt 00:01:25]} Nf8 {[%clk
01:02:10]} {[%emt 00:00:26]} 23. f5 {[%clk 00:42:10]} {[%emt 00:11:31]} exf5
{[%clk 01:01:24]} {[%emt 00:01:16]} 24. Nxf5 {[%clk 00:42:27]} {[%emt
00:00:13]} Bc8 {[%clk 00:47:18]} {[%emt 00:14:37]} 25. Nh6+ {[%clk 00:32:55]}
{[%emt 00:10:01]} Kh8 {[%clk 00:47:44]} {[%emt 00:00:04]} 26. e6 {[%clk
00:31:23]} {[%emt 00:02:02]} Bxe6 {[%clk 00:44:41]} {[%emt 00:03:33]} 27. Rf7
{[%clk 00:31:22]} {[%emt 00:00:31]} Bxg4 {[%clk 00:42:16]} {[%emt 00:02:55]} 28.
Bxg7# {[%emt 00:00:33]}  1-0

[Event "2022 Welsh Championship"]
[Site "Cardiff"]
[Date "2022.04.15"]
[Round "2"]
[Board "3"]
[White "Toczek, Grzegorz"]
[Black "Rathbone-Jones, Ifan"]
[Result "1-0"]
[WhiteElo "2290"]
[BlackElo "1915"]
[PlyCount "119"]
[EventDate "2022.04.15"]
[EventRounds "7"]
[EventCountry "WLS"]

1. e4 d6 2. d4 Nf6 3. Nc3 g6 4. f4 Bg7 5. Nf3 c5 6. dxc5 Qa5 7. Qd4 dxc5 8. Qc4
O-O 9. e5 Be6 10. Qa4 Qxa4 11. Nxa4 Nfd7 12. Be3 b6 13. O-O-O Nc6 14. Bb5 Rfc8
15. Ng5 Nf8 16. Nxe6 Nxe6 17. Ba6 Rc7 18. Bc4 Ncd4 19. Nc3 a6 20. Bd5 Rb8 21.
g4 b5 22. Rhf1 Rd8 23. Bxe6 fxe6 24. Ne4 Rcd7 25. c3 Ne2+ 26. Kc2 Rxd1 27. Rxd1
Rf8 28. Rf1 Bxe5 29. Nxc5 Bd6 30. Nxe6 Rf6 31. f5 gxf5 32. gxf5 Bxh2 33. Rf2
Ng3 34. Rxh2 Nxf5 35. Rg2+ Kf7 36. Ng5+ Ke8 37. Bd2 Rg6 38. Rf2 Rf6 39. Ne4 Rf7
40. Rh2 Rg7 41. Nc5 b4 42. Nxa6 bxc3 43. Bxc3 Rg6 44. Nb4 h6 45. a4 Kd7 46.
Rd2+ Kc7 47. Be5+ Kb6 48. Nd5+ Ka5 49. b3 e6 50. Bc3+ Ka6 51. Nf4 Ne3+ 52. Kb2
Rg1 53. Nxe6 Nd1+ 54. Kc2 Ne3+ 55. Kd3 Rg6 56. Nc5+ Kb6 57. Ne4 Rc6 58. Bd4+
Ka5 59. Kxe3 Kb4 60. Nc5  1-0

[Event "2022 Welsh Championship"]
[Site "Cardiff"]
[Date "2022.04.15"]
[Round "2"]
[Board "4"]
[White "Blackburn, Jonathan L B"]
[Black "Fathallah, Joe"]
[Result "1-0"]
[WhiteElo "2215"]
[BlackElo "1869"]
[PlyCount "0"]
[EventDate "2022.04.15"]
[EventRounds "7"]
[EventCountry "WLS"]

1. d4 {[%clk 01:30:57]} {[%emt 00:00:02]} f5 {[%clk 01:30:51]} {[%emt
00:00:10]} 2. g3 {[%clk 01:31:20]} {[%emt 00:00:07]} Nf6 {[%clk 01:31:14]}
{[%emt 00:00:06]} 3. Bg2 {[%clk 01:31:46]} {[%emt 00:00:04]} d6 {[%clk
01:31:29]} {[%emt 00:00:15]} 4. Nf3 {[%clk 01:32:07]} {[%emt 00:00:10]} g6
{[%clk 01:31:49]} {[%emt 00:00:10]} 5. c4 {[%clk 01:32:15]} {[%emt 00:00:22]}
Bg7 {[%clk 01:32:10]} {[%emt 00:00:08]} 6. O-O {[%clk 01:32:29]} {[%emt
00:00:17]} O-O {[%clk 01:32:33]} {[%emt 00:00:07]} 7. Nc3 {[%clk 01:32:50]}
{[%emt 00:00:09]} c6 {[%clk 01:32:57]} {[%emt 00:00:05]} 8. Qc2 {[%clk
01:32:43]} {[%emt 00:00:37]} Qc7 {[%clk 01:32:23]} {[%emt 00:01:04]} 9. e4
{[%clk 01:32:40]} {[%emt 00:00:33]} Nxe4 {[%clk 01:30:30]} {[%emt 00:02:23]} 10.
Nxe4 {[%clk 01:33:06]} {[%emt 00:00:05]} fxe4 {[%clk 01:30:53]} {[%emt
00:00:07]} 11. Qxe4 {[%clk 01:33:32]} {[%emt 00:00:04]} Bf5 {[%clk 01:30:27]}
{[%emt 00:00:56]} 12. Qh4 {[%clk 01:30:14]} {[%emt 00:03:48]} e5 {[%clk
01:22:34]} {[%emt 00:08:23]} 13. dxe5 {[%clk 01:30:18]} {[%emt 00:00:27]} dxe5
{[%clk 01:22:56]} {[%emt 00:00:07]} 14. Ng5 {[%clk 01:30:04]} {[%emt 00:00:44]}
Bf6 {[%clk 01:20:35]} {[%emt 00:02:51]} 15. c5 {[%clk 01:25:16]} {[%emt
00:05:19]} Qe7 {[%clk 01:14:29]} {[%emt 00:06:36]} 16. Qc4+ {[%clk 01:18:29]}
{[%emt 00:07:17]} Kg7 {[%clk 01:14:07]} {[%emt 00:00:52]} 17. Ne4 {[%clk
01:16:19]} {[%emt 00:02:40]} Bxe4 {[%clk 01:12:14]} {[%emt 00:02:23]} 18. Bxe4
{[%clk 01:16:29]} {[%emt 00:00:20]} Na6 {[%clk 01:11:17]} {[%emt 00:01:27]} 19.
Bxc6 {[%clk 01:06:30]} {[%emt 00:10:29]} Nxc5 {[%clk 00:58:30]} {[%emt
00:13:17]} 20. Be3 {[%clk 01:03:27]} {[%emt 00:03:33]} Rfc8 {[%clk 00:57:48]}
{[%emt 00:01:11]} 21. Bd5 {[%clk 01:00:55]} {[%emt 00:03:02]} Rc7 {[%clk
00:55:10]} {[%emt 00:03:08]} 22. Rac1 {[%clk 00:54:01]} {[%emt 00:07:25]} Rac8
{[%clk 00:53:47]} {[%emt 00:01:53]} 23. Qg4 {[%clk 00:52:34]} {[%emt 00:01:57]}
b6 {[%clk 00:49:35]} {[%emt 00:04:42]} 24. b4 {[%clk 00:48:40]} {[%emt
00:04:23]} Qd7 {[%clk 00:47:20]} {[%emt 00:02:45]} 25. Qc4 {[%clk 00:40:26]}
{[%emt 00:08:44]} Nb7 {[%clk 00:39:57]} {[%emt 00:07:54]} 26. Qb3 {[%clk
00:39:59]} {[%emt 00:00:57]} Rxc1 {[%clk 00:39:38]} {[%emt 00:00:49]} 27. Bxc1
{[%clk 00:39:37]} {[%emt 00:00:52]} Rd8 {[%clk 00:37:13]} {[%emt 00:02:54]} 28.
Bg2 {[%clk 00:37:12]} {[%emt 00:02:54]} Nd6 {[%clk 00:33:53]} {[%emt 00:03:51]}
29. Rd1 {[%clk 00:33:41]} {[%emt 00:04:01]} Qe7 {[%clk 00:30:09]} {[%emt
00:04:14]} 30. Qa4 {[%clk 00:31:34]} {[%emt 00:02:37]} Nf7 {[%clk 00:27:08]}
{[%emt 00:03:30]} 31. Rxd8 {[%clk 00:30:30]} {[%emt 00:01:35]} Nxd8 {[%clk
00:26:04]} {[%emt 00:01:35]} 32. Bd5 {[%clk 00:29:18]} {[%emt 00:01:42]} Nf7
{[%clk 00:25:02]} {[%emt 00:01:31]} 33. Bd2 {[%clk 00:26:19]} {[%emt 00:03:29]}
Nd6 {[%clk 00:24:16]} {[%emt 00:01:16]} 34. Qc6 {[%clk 00:26:05]} {[%emt
00:00:45]} Nf5 {[%clk 00:12:25]} {[%emt 00:12:22]} 35. Qa8 {[%clk 00:25:22]}
{[%emt 00:01:13]} Nh6 {[%clk 00:10:22]} {[%emt 00:02:32]} 36. a4 {[%clk
00:24:50]} {[%emt 00:01:03]} Qd7 {[%clk 00:07:17]} {[%emt 00:03:35]} 37. a5
{[%clk 00:24:20]} {[%emt 00:01:00]} bxa5 {[%clk 00:06:04]} {[%emt 00:01:44]} 38.
bxa5 {[%clk 00:24:32]} {[%emt 00:00:18]} e4 {[%clk 00:04:37]} {[%emt 00:01:57]}
39. Be3 {[%clk 00:21:40]} {[%emt 00:03:22]} Bc3 {[%clk 00:02:36]} {[%emt
00:02:30]} 40. a6 {[%clk 00:20:34]} {[%emt 00:01:36]} Qa4 {[%clk 00:02:33]}
{[%emt 00:00:33]} 41. Qxa7+ {[%clk 00:19:40]} {[%emt 00:01:24]} Kf6 {[%clk
00:02:35]} {[%emt 00:00:28]} 42. Qb6+ {[%clk 00:19:55]} {[%emt 00:00:16]} Kg7
{[%clk 00:02:35]} {[%emt 00:00:30]} 43. Qc7+ {[%emt 00:00:54]}  1-0